ARRUPE JESUIT UNIVERSITY

CORONAVIRUS -STOP THE SPREAD - CLEAN,DISINFECT,COVER

The Iliad (Record no. 119669)

MARC details
000 -LEADER
fixed length control field 00344nam a22001337a 4500
008 - FIXED-LENGTH DATA ELEMENTS--GENERAL INFORMATION
fixed length control field 140123b xxu||||| |||| 00| 0 eng d
050 ## - LIBRARY OF CONGRESS CALL NUMBER
Classification number PA4025.A2L8
100 ## - MAIN ENTRY--PERSONAL NAME
Personal name Homer
9 (RLIN) 6992
245 ## - TITLE STATEMENT
Title The Iliad
260 ## - PUBLICATION, DISTRIBUTION, ETC. (IMPRINT)
Place of publication, distribution, etc London
Name of publisher, distributor, etc Folio Society
Date of publication, distribution, etc 1950
300 ## - PHYSICAL DESCRIPTION
Extent 117p.
Dimensions 25cm
700 ## - ADDED ENTRY--PERSONAL NAME
Personal name Lucas, Frank Lawrence (tr)
9 (RLIN) 6993
942 ## - ADDED ENTRY ELEMENTS (KOHA)
Source of classification or shelving scheme Library of Congress Classification
Item type Monograph ( Printed materials)
Holdings
Withdrawn status Lost status Source of classification or shelving scheme Damaged status Not for loan Home library Current library Date acquired Total Checkouts Full call number Barcode Date last seen Price effective from Koha item type
    Library of Congress Classification     ARRUPE LIBRARY ARRUPE LIBRARY 23/01/2014   PA4025.A2L8 464122492 27/03/2019 23/01/2014 Monograph ( Printed materials)

 

Arrupe Library. PO Box MP320 Mt Pleasant, Harare, Zimbabwe
263 242 745411|librarian@aju.ac.zw